|
|
|
|
| LEADER |
00801nam a22002172a 4500 |
| 001 |
001355579 |
| 003 |
CZ BrMZK |
| 005 |
20230821090454.0 |
| 007 |
ta |
| 008 |
131219s1964 ru er|||||||||||rus d |
| 040 |
|
|
|a BOA001
|b cze
|
| 245 |
0 |
0 |
|a Stepi Nižnego Povolž‘ja :
|b sbornik statej /
|c red. koll. P.S. Kuznecov (predsedat.) ... [et al.]
|
| 260 |
|
|
|a Saratov :
|b Saratovskij universitet,
|c 1964
|
| 300 |
|
|
|a 76 s.
|
| 504 |
|
|
|a Obsahuje bibliografie
|
| 700 |
1 |
|
|a Kuznecov, Pavel Savel‘jevič,
|d 1914-2003
|7 mzk20231198093
|4 edt
|
| 710 |
2 |
|
|a Saratovskij gosudarstvennyj universitet im. N.G. Černyševskogo
|7 kn20070723010
|
| 910 |
|
|
|a BOA001
|b 2-0538.053
|
| 990 |
|
|
|a BK
|
| 991 |
|
|
|b 201312
|
| 996 |
7 |
|
|b 2619037454
|c 2-0538.053
|l Sklad H1
|r Sklad / do 24 hodin
|n 0
|h HS212
|w 001390447
|u 000010
|a 1
|e BOA001
|j MZK50
|s A
|